000
00219nam a2200097Ia 4500
001
761920
005
20250826165216.0
008
250824s9999 xx 000 0 und d
245
0
_a
DİRİLİŞ
_c
TOLSTOY
260
_b
İSKELE
999
_c
761920
_d
761920